000 00388nam a2200169Ia 4500
001 13193
003 IN-NITTTR
005 20251114233124.0
008 251113s9999||||xx |||||||||||||| ||eng||
040 _beng
040 _cIN-NITTTR
041 _aeng
082 _a629.8 Y88B
100 _aYousefzadeh, B.
245 0 _aBasic control engineering /
_cYousefzadeh, B.
942 _2ddc
_cBK
999 _c15829
_d15829